Sports Quiz

Random Sports Quiz

Guess the players olympic sport Quiz Stats

 Plays Quiz not verified by Sporcle

Also try: Big 4 Sports Pairs
Challenge
Share
Tweet
Embed
Score 0/17 Timer 11:00
0 Plays Today
% Correct
Diving
98.6%
Cycling
97.3%
Cycling
97.3%
Cycling
97.3%
Swimming
93.2%
Long Jump
87.7%
Sailing
87.7%
Heptathlon
84.9%
Triathlon
83.6%
% Correct
Triathlon
83.6%
Boxing
82.2%
Running
80.8%
Running
80.8%
Judo
69.9%
Taekwondo
58.9%
Kayak
34.2%
Discus
26%

You're not logged in!

Compare scores with friends on all Sporcle quizzes.
OR
Log In

You Might Also Like...

Show Comments

Extras

Created Aug 12, 2012ReportNominate
Tags:british, player

Top Quizzes Today


Score Distribution

Your Account Isn't Verified!

In order to create a playlist on Sporcle, you need to verify the email address you used during registration. Go to your Sporcle Settings to finish the process.

Report this User

Report this user for behavior that violates our Community Guidelines.

Details: